000 00528nam a2200193Ia 4500
005 20250923144630.0
008 008 250917s9999 xx 000 0 eng d
037 _aTextual
040 _aDSWL
_beng
_cDSWL
041 _aeng
_2eng
084 _aL7:691z7, J2
_qDSWL
245 0 _aDyanamic Psychiatry
_cEd. By F. Alexander
260 _aChicago
_bUniversity of Chicago Press
_c1957
300 _axii, 678p.
365 _aINR
_b35
925 _g35
942 _cTEXL
_hL7:691z7, J2
999 _c1441428
_d1441428